000 00811cam a22002535a 4500
001 L158259
008 130129s2014 xxk f 000 0 eng d
035 _a(Sirsi) u158259
041 0 _aeng
050 0 4 _a711.1 $2 18
100 1 _aDadson, James Ebenezer Kobina
245 0 0 _aSustainable Urban Development and Governance:
_bGhana in context
260 _aAccra
_bGhana Institution of Surveyors
_c2014
300 _a15p.
_c30cm.
490 0 _aPresidential Lecture
520 _aPresentation on sustainable urban development and governance with a focus on the surveying profession and Ghana.
521 _aAdvanced
590 _aKA
651 4 _aGhana
690 _aPlanning and development
_96259
690 _aSustainability
_96271
710 1 _aGhana Institution of Surveyors
_91872
942 _n0
999 _c115226
_d115226